[Event "Chess 2021"]
[Site "Chess.com"]
[Date "2021.09.09"]
[Round "3.2"]
[White "Firouzja, Alireza"]
[Black "Karjakin, Sergey"]
[Result "0-1"]
[WhiteElo "2754"]
[BlackElo "2758"]
[EventDate "2021.??.??"]
[Annotator "Bojkov,Dejan"]
[PlyCount "124"]
[Beauty "6254474830919"]
[EventType "game"]
[EventCountry "NOR"]

1.b3 {A popular choice for top blitz games.} 1...e5 2.Bb2 Nc6 3.c4 Nf6 4.Nf3 e4 5.Nd4 Nxd4 {A straightforward and excellent continuation. Karjakin speeds up his development.} ( {Svidler chose instead} 5...Bc5 6.Nf5 O-O 7.e3 d5 8.cxd5 Nb4 9.Ng3 Nbxd5 10.Nc3 Re8 11.Nxd5 Nxd5 12.Bc4 c6 {and equalized in the recent game Rapport,R (2763)-Svidler,P (2714) Saint Louis 2021} ) 6.Bxd4 b6 7.g3 Bb7 8.Bg2 Bc5 $146 {Once more a very straightforward approach by the Russian GM.} ( 8...Be7 9.O-O O-O 10.Nc3 c5 11.Be3 d5 12.cxd5 Nxd5 13.Nxe4 f5 14.Nc3 Nxe3 15.dxe3 Bxg2 16.Kxg2 Bf6 17.Rc1 {Fry,P (1752)-Palma,M (1529) Cammeray 2010} ) 9.Bb2 {And this is too much. Firouzja is certainly playing with fire, in order to keep more pieces on board and play for the win.} ( {White is a bit better after} 9.Bxc5 bxc5 10.Nc3 O-O 11.O-O Qe7 12.d3 ) 9...h5 $1 {In the spirit of Spassky! White is lagging in development thus Black can afford to play on the kingside.} 10.d4 ( {As} 10.h4 {opens a nice square for the black knight:} 10...Ng4 ) 10...Bb4+ 11.Nc3 ( {Black is better after} 11.Bc3 a5 $5 12.a3 Bd6 ) 11...h4 ( {Also good was the immediate} 11...d5 $5 12.a3 Bxc3+ 13.Bxc3 h4 ) 12.e3 ( {If White tries to block the d-pawn with} 12.d5 h3 13.Bf1 {he likely disliked the opening of the center with} 13...c6 $1 ) 12...d5 13.Qc2 ( {Similar would have been} 13.a3 Bxc3+ 14.Bxc3 Bc8 $1 ) 13...Bc8 {The correct idea, but a sloppy execution. The bishop has done its job on the long diagonal and needs to search for new adventures.} ( {However, the preliminary} 13...h3 14.Bf1 {and then} 14...Bc8 $1 {would have promised Black more. His constant threat would be to manuever the bishop to f3 and then just pick up the h2-pawn with the knight and promote.} ) 14.h3 hxg3 15.fxg3 c6 16.O-O-O Be6 17.Ne2 a5 {Karjakin keeps making the most obvious and logical moves. A very wise approach in an armageddon!} ( {More interesting would have been} 17...dxc4 18.bxc4 b5 $5 19.Bxe4 O-O {but who needs these complications when in need of a draw?} ) 18.Nf4 ( {Perhaps} 18.a3 {was better, although Black has nothing to complain about in the line} 18...Be7 19.Nf4 a4 20.Nxe6 fxe6 21.b4 Qb8 $5 ) 18...a4 19.Kb1 axb3 20.Qxb3 $1 ( {Since} 20.axb3 Qd7 {maneuvering the queen to a7 is passive and gloomy for White.} ) 20...Bd6 ( {A stronger plan was to trade the white queenside bishop with} 20...Qd6 $1 21.Nxe6 fxe6 22.g4 Ba3 ) 21.cxd5 cxd5 22.g4 {Firouzja achieved what he wanted; the position is completely irrational.} ( {If} 22.Nxe6 fxe6 23.Bf1 $5 O-O {Black consolidates.} ( {Or} 23...Bxg3 24.Rg1 Qd6 25.Rc1 {with compensation for the pawn.} ) ) 22...O-O {Once more obvious, but this time imprecise.} ( {Karjakin would have controlled the kingside better with} 22...Bxf4 $1 23.exf4 O-O 24.f5 Bd7 25.Rc1 Qb8 26.g5 Ba4 27.Qe3 Nh5 $1 ) 23.g5 Bxf4 24.gxf6 ( {Certainly not} 24.exf4 Nh5 ) 24...Bh6 25.fxg7 Kxg7 {And the initiative brings fruits as Black blunders!} ( {Both} 25...Bxg7 $1 ) ( {And even} 25...Re8 $1 {would have left Karjakin in control.} ) 26.Bxe4 $1 {Not waiting for a second invitation.} 26...f5 {After taking his breath, Karjakin proceeds as if nothing happened.} ( 26...dxe4 27.d5+ Kh7 28.dxe6 {would have been devastating for the second player.} ) 27.Rhg1+ Kh7 28.Bd3 {Black's problem is not only that he lost a pawn; this bishop became a key attacker too.} 28...Qd6 29.Rg2 ( {The patient} 29.Bc1 $5 {might have been even better.} ) 29...Bxe3 $1 {If one is going to suffer, then let that be for something.} 30.Re1 Bh6 31.Qd1 $1 {This maneuver is what Firouzja was aiming for.} 31...Bd7 ( {Here the correct defense was} 31...Rf6 $1 32.Qh5 Bf7 33.Qh4 Rg8 {with good chances to survive.} ) 32.Qh5 Rf6 33.Reg1 {With the threat of a check on g7 followed by the same rook moving to g6 with a decisive pin. The game enters its most interesting part. It seems as Karjakin's positon will collapse at any moment, but he somehow resists!} 33...Qf8 $1 {Not letting the intruder in.} 34.Bc1 Qb4+ $1 {An only defense again.} 35.Bb2 ( {As in the line} 35.Ka1 Qc3+ 36.Bb2 Qxd3 37.Rg6 {Black has} 37...Qe3 $1 {This is still quite an interesting position but White has nothing more than a draw in the line} 38.Bc1 Qc3+ ( {Or the more complicated} 38...Qxd4+ 39.Bb2 Rxa2+ $1 40.Kxa2 Qc4+ {also with perpetual check.} ) 39.Bb2 Qe3 ) 35...Qf8 36.a3 {Taking the b4 spot under control.} ( {A study-like win would have been achieved with} 36.Qh4 $3 {The queen steps back but defends the key d4-pawn. Black has no way out, say} 36...Re8 37.Bc1 Qb4+ 38.Ka1 Qc3+ 39.Bb2 {and wins.} ) ( {Not as convincing is} 36.Ka1 $5 Be8 37.Qe2 Bg6 $1 {and Black somehow holds.} ) 36...Rc8 $1 {Stopping Bb2-c1! again.} 37.Rg6 $3 {Then once more Karjakin goes for an obvious continuation.} ( {As in the line} 37.Bc1 Rxc1+ $1 38.Rxc1 Qxa3 {Black has enough counterplay.} ) ( {But} 37.Ka2 $5 {looked good for White too.} ) 37...Be8 {And gets} ( {The most resilient would have been} 37...Rcc6 $1 38.Rxf6 Rxf6 39.Bc1 Qf7 40.Qh4 Rg6 {hoping for the best.} ) 38.Rxf6 $1 Bxh5 39.Rxf5 $3 {In return! A complete shocker!} 39...Kh8 $1 {But Karjakin is not considered one of the best defenders of our time for nothing!} ( {The meak} 39...Qxf5 40.Bxf5+ {loses on the spot.} ) 40.Rxf8+ {Oh, what a pity!} ( {The amazing combination would have been crowned with a couple of more stunners} 40.Rxh5 $3 {The Rg1-g6 threat can be only stopped with} 40...Rc6 {But then} 41.Rxd5 $1 {and Black is helpless against the rook-d5-somewhere-and-then-pawn push idea.} ) 40...Rxf8 41.Re1 Rf3 {Firouzja got too little out of his huge attack.} 42.Re6 Kg7 ( 42...Bd2 $1 {might have been even better.} ) 43.Be2 Rxh3 44.Bxh5 Rxh5 45.Rxb6 Be3 46.a4 Rh4 47.a5 {Not it is an instant draw, as White blundered his key pawn.} ( 47.Rb4 $1 {would be a chance still, although Black likely survives after} 47...Rh8 48.Kc2 Ra8 ) 47...Bxd4 48.Rb4 {A pin White saw when playing on increment.} 48...Rh1+ {But that was obviously missed. Now it is a draw, but White keeps pushing till the end.} 49.Ka2 Bxb2 50.Kxb2 Kf6 51.a6 Rh8 52.Kb3 Ke5 53.Rb6 d4 54.a7 Ra8 55.Ra6 Kd5 56.Kb4 d3 57.Kb5 ( {Rejecting the draw in the line} 57.Kc3 Kc5 58.Kxd3 Kb5 ) 57...d2 58.Ra1 Kd4 59.Kb4 Kd3 ( {Black could have even played for more} 59...Ke3 $1 ) 60.Ra3+ {Now White even loses.} ( {But the draw is equally a bad result for him in the line} 60.Kb5 Rxa7 61.Rxa7 d1=Q 62.Rd7+ ) 60...Ke2 61.Ra2 Ke1 62.Ra1+ d1=Q {Not Firouzja's Armageddon so far.} 0-1

[Event "Aimchess US Rapid | Knockout"]
[Site "Online"]
[Date "2021.09.04"]
[Round "2.1"]
[White "Carlsen, Magnus"]
[Black "Artemiev, Vladislav"]
[Result "1-0"]
[WhiteElo "2847"]
[BlackElo "2704"]
[EventDate "2021.??.??"]
[Annotator "yermo"]
[PlyCount "57"]
[Beauty "8248484699727"]
[EventType "rapid"]
[WhiteTeam "Norway"]
[BlackTeam "Russia"]
[WhiteTeamCountry "NOR"]
[BlackTeamCountry "RUS"]

{Going into the critical Game 2, Carlsen was in the pole position, having won Game 1 with Black.} 
1.d4 d5 2.c4 e6 3.Nc3 c5 4.cxd5 exd5 5.dxc5 $5 {A challenging, yet a bit risky line.} 5...d4 $1 {The most principled move.} ( 5...Nf6 {leaves White a choice between} 6.Be3 {which, I think, Magnus intended to play.} ( {and a quiet path} 6.Bg5 Bxc5 7.e3 ) ) 6.Na4 {So far this move has scored well for White, but I tend to be sceptical about the database stats, until I can see enough games between top players.} ( 6.Ne4 {appears to be a safer path. White isn't without ambition to get some thing out of the opening. For example, in reply to} 6...Bf5 7.Ng3 Be6 8.e4 Bxc5 {he has a strange-looking move} 9.Nh5 $5 {the engines go gaga about.} ) 6...b5 $1 {Black makes it a real pawn sacrifice, which exactly suited Artemiev's match situation.} 7.cxb6 axb6 8.b3 b5 $1 ( 8...Nf6 {would give White time for} 9.e3 ) 9.Nb2 Bb4+ 10.Bd2 Bxd2+ ( {Perhaps, better was} 10...Nc6 {intending to answer} 11.g3 {with the resolute} 11...Bc3 12.Bg2 Nge7 13.Bxc3 dxc3 14.Qxd8+ Kxd8 15.Nd3 Bf5 {Black game plays itself, and White has to be careful not to get overrun. All in all, I suspect the line 6.Na4 is soon going to be relegated to a dusty shelf in the back room of the theoretical library.} ) 11.Qxd2 Nf6 12.e4 $1 {At times Carlsen's opening selections may be questionable, but once the game leaves theoretical paths, more often than not he finds the best moves.} 12...Nxe4 $5 {One has to admire the gutsy play by Artemiev.} ( {In case of} 12...O-O {White can give back the pawn in the sake of development.} 13.Bd3 ( {there's no real need to try the risky} 13.f3 ) 13...Nxe4 14.Bxe4 Re8 15.Ne2 Rxe4 16.O-O {reaching a comfortable position.} ) 13.Bxb5+ Bd7 14.Qb4 $6 {This is a bit iffy. I guess, Magnus got caught in the heat of the battle. Regardless of the objective value of this move, and this game as a whole, I think Carlsen is doing the right thing by practising his skills in irrational positions. His challenger, Ian Nepomniachtchi, is the master of such chess, and no amount of preparation and cautious play can keep him at bay over the 14-game match.} ( 14.Bxd7+ Qxd7 15.Qc2 O-O 16.Ne2 Re8 17.O-O Nc6 {probably favors White, but there still would be a lot of play left.} ) 14...Nc3 $1 15.Bxd7+ ( 15.Bd3 Nc6 16.Qd6 {may have been a better choice, but White can no longer keep the situation under control. Computers offer a strange line} 16...h5 17.Kf1 Rh6 18.Re1+ Re6 19.Rxe6+ Bxe6 20.Qxc6+ Bd7 21.Qc5 Rxa2 {where White cannot keep his extra piece.} ) 15...Qxd7 {Now the white king is going to have to move soon, and it's not going to be his usual castling.} 16.Kf1 Nc6 17.Re1+ Kd8 18.Qb6+ Qc7 19.Qc5 $5 {I understand it was a rapid game, but look how Carlsen strives to complicate matters rather than give the opponent an easy path.} ( {The endgame} 19.Qxc7+ Kxc7 {would mean a loss of the a-pawn, and White would still have to get his Rh1 out.} ) 19...Rxa2 20.Nd3 Re8 21.Nf3 Ra5 $6 {Vlad is a great blitz player, who can finish his games in long endgames, even with mere seconds on his clock. An important skill, as it is, but it tends to get him a bit cavalier about his general time management. One still needs time on the clock to figure out the middlegame. I'm afraid, in this case Artemiev was quite short of it.} ( {The rook was well-placed on the second rank, and all Black needed to do was to bring his queen over. That could have been accomplished by} 21...Rxe1+ 22.Nfxe1 Qd7 23.h4 Kc7 $1 {and Black is ready to answer} 24.Rh3 {with} 24...Qe6 {and we would have had a tied match.} ) 22.Qc4 Rxe1+ 23.Ndxe1 Qd7 24.h4 Qd5 $2 ( {The queens had to stay on:} 24...Ra1 25.Rh3 Qe8 ) 25.Rh3 Qxc4+ 26.bxc4 Ra4 27.Nxd4 $1 {I bet Vlad just didn't see it coming.} 27...Rxc4 28.Nf5 g6 $4 {Having witnessed his once great position crumble to dust Artemiev lost the handle completely.} ( {Black could still fight for a draw after} 28...Ne5 29.Nxg7 Nd5 ) 29.Nd6 {A somewhat lucky win for Carlsen, but the strong make their own luck.} 1-0

[Event "Champions Chess Tour Aimchess U.S. Rapi"]
[Site "Online"]
[Date "2021.09.02"]
[Round "4"]
[White "Firouzja, Alireza"]
[Black "Artemiev, Vladislav"]
[Result "1-0"]
[WhiteElo "2696"]
[BlackElo "2757"]
[EventDate "2021.??.??"]
[Annotator "yermo"]
[PlyCount "79"]
[Beauty "7699131548180"]
[EventType "rapid"]
[TimeControl "900+10"]

{At least, Alireza had White.} 
1.e4 e5 2.Nf3 Nc6 3.Bb5 Nf6 4.d3 $1 {First order of business is to make sure that the Berlin is out of the equation.} 4...d6 {Vladislav Artemiev is an original player, who likes to travel on less explored roads. As White he often delves into a b3-g3 kind of stuff, and as Black he doesn't mind conceding space in hope to keep the game complicated. Even in this game, only needing a draw to capture the first set, Artemiev chose a King's Indian-like setup.} 5.O-O Bd7 6.Re1 g6 7.Bxc6 $5 {Rather unusual.} ( {Most players split their sympathies between} 7.d4 Bg7 8.d5 Ne7 9.Bxd7+ Nxd7 10.Be3 O-O 11.c4 h6 12.Nfd2 f5 13.f3 {Caruana-Finegold, Pro League 2017} ) ( {and} 7.c3 Bg7 8.Nbd2 O-O 9.Ba4 Nh5 10.Nf1 Kh8 11.h3 f5 12.exf5 gxf5 13.d4 {Caruana-Kramnik, GCT Paris Blitz 2016. As you can see, Fabiano has been successful in both.} ) 7...Bxc6 8.c4 {The point of the trade on the previous move. Black no longer has the knight that could jump to d4, so White can take his time preparing to push the d-pawn forward. Such ideas for White in the Steinitz Variation of the Ruy Lopez were first introduced in the beginning of the 20th century by the Czech GM Oldrich Duras.} 8...Bg7 9.Nc3 O-O 10.d4 Re8 11.dxe5 $5 {Firouzja shows good understanding of the position.} ( {The seemingly natural push} 11.d5 {would lead to a typical King's Indian structure where White would surely be missing his light squared bishop, useful in both deterring Balck's counterplay with f7-f5, and White's own play on the queenside after the eventual c4-c5. Today's understanding of closed positions offers a different opinion on "bad" bishops.} ) 11...dxe5 12.Qc2 {Instead, White is intending to put his knight to d5, hoping to induce a trade, which would enable him to obtain strong play against the backward c7-pawn.} 12...Bd7 $1 {Artemiev alertly took radical measures against this plan.} 13.Be3 ( 13.h3 c6 14.Be3 Qc7 {would eventually lead to the same thing. Once Black protects his e5-pawn, he is ready for the Be6, Nd7 regrouping.} ) 13...Bg4 14.Nd2 c6 15.c5 ( {The bishop hunt} 15.h3 Be6 16.Na4 b6 17.Nf3 Qc7 18.Ng5 Bc8 {would not produce any tangible results.} ) 15...Be6 16.h3 Qc7 17.a3 Rad8 18.Rad1 Nd7 19.Qa4 Bf8 20.b4 a5 {I don't particularly like this move, because it offers White access to the b6-square.} ( {Alternatively,} 20...b6 21.cxb6 axb6 22.Qc2 Ra8 23.Rb1 Rec8 24.a4 c5 25.b5 c4 {was another plan of counterplay.} ) 21.Nf3 f6 22.Qc2 axb4 23.axb4 b6 $1 ( {In case of} 23...b5 {White can continue with} 24.Qc1 Ra8 25.Bh6 {intending to trade off the sole defender of the d6-square.} ) 24.Na4 bxc5 25.bxc5 {It is easy to criticize Alireza's decision based on the poor position of Na4 until we remember he had to win this game at any cost.} ( {What else did you expect him to do, trade pieces after} 25.Nxc5 Nxc5 26.Bxc5 Bxc5 27.Qxc5 {What chances would he have then? The weaknesses on c6 and b4 would likely cancel each other out, and if these pawns get traded there would be nothing left to play for.} ) 25...Rb8 26.Rd3 {The die is cast. Firouzja is about to burn his bridges before crossing them.} ( {Backtracking with} 26.Rb1 Rb5 27.Nd2 Reb8 {was the last thing on his mind.} ) 26...Rb4 27.Red1 Qa5 28.Nb6 $5 {The mark "!?" is not only applied to this particular move, but rather to the entire concept.} 28...Nxc5 29.Rd8 {The moment of truth.} 29...Rxd8 $4 {Vladislav's skills in rapid and blitz have gained him a lot of respect due to his good run in the Champions Chess Tour. He's a monster in long technical endgames, even when he only has seconds left. However, his time management is a bit cavalier, which may cost him in tactically charged positions here and there. The rook trade here is an example of such mistakes.} ( {I wasn't able to watch the game live, so I don't know exactly how bad Artemiev's clock situation was, but I'll hazard a guess he was real short. Otherwise, Vladislav would have made his choice among two acceptable alternatives. First, there was the tactical shot} 29...Bb3 {inviting White to trade his queen for two rooks:} 30.Rxe8 ( 30.Qc1 Bf7 31.Rxe8 Bxe8 32.Rd8 Qxb6 33.Rxe8 Rb1 {is the point of forcing the white queen back.} ) 30...Bxc2 31.Rdd8 {and now Black defends with} 31...Kg7 32.Rxf8 Ne6 {forcing the liquidation after} 33.Ra8 Rxb6 34.Rxa5 Rb1+ 35.Kh2 Kxf8 {It's moot to debate whether or not Black can win this endgame, because all Artemiev needed was a draw.} ) ( {Secondly, even better was the calm} 29...Kf7 $1 {preventing White's infiltration to the eighth rank and leaving Nb6 trapped. Again, there's no sense in analyzing} 30.Rxe8 Kxe8 31.Rc1 Qxb6 32.Bxc5 Qxc5 33.Qxc5 Bxc5 34.Rxc5 Kd7 {any deeper.} ) 30.Rxd8 {Fortune favors the brave. Suddenly Firouzja is winning.} 30...Nb7 31.Ra8 Qxb6 ( 31...Qb5 {saves the queen , but not the game after} 32.Bh6 ) 32.Bxb6 Rxb6 33.Nd2 Kg7 34.Nc4 Rb4 35.Ne3 Rb6 36.Nd5 $1 {Alireza wraps it up quickly and efficiently.} 36...Bxd5 37.exd5 c5 38.Qa4 Nd6 39.Qd7+ Nf7 40.Ra7 {Both semifinal matches go into the second set tied.} 1-0